Capoluoghi di Provincia e Regioni - Quiz n°1 - Statistics

Statistiche generali
  • Questo quiz è stato fatto 246 volte
  • Il punteggio medio è 9 su 10
Statistiche sulle risposte
Hint Risposta % Corretto
Reggio Calabria Calabria
99%
Trieste Friuli-Venezia Giulia
89%
Genova Liguria
89%
Bari Puglia
87%
Siracusa Sicilia
87%
Monza Lombardia
86%
Cagliari Sardegna
86%
Pesaro Marche
84%
Cremona Lombardia
80%
Livorno Toscana
80%
Nessun quiz corrispondente trovato
Distribuzione punteggi
Percentuale di utenti per punteggio
Percentile per numero di risposta
I tuoi punteggi nel tempo
Non hai fatto questo quiz